Detalles MARC
| 000 -CABECERA |
| Longitud fija campo de control |
01189nam a2200337 i 4500 |
| 005 - • FECHA Y HORA DE LA ÚLTIMA TRANSACCIÓN |
| Fecha y hora de la última transacción |
20220317001448.0 |
| 007 - • CAMPO FIJO DE DESCRIPCIÓN FÍSICA |
| Campo fijo de descripción física |
ta |
| 008 - • CÓDIGOS DE INFORMACIÓN DE LONGITUD FIJA |
| Códigos de información de longitud fija |
210819s2014 sp a cr 000 j spa d |
| 020 ## - • NÚMERO INTERNACIONAL NORMALIZADO PARA LIBROS |
| Número Internacional Normalizado para Libros (ISBN) |
9788415208525 |
| 040 ## - FUENTE DE LA CATALOGACIÓN |
| Centro catalogador de origen |
CO-BoRNBP |
| Lengua de catalogación |
spa |
| Centro transcriptor |
CO-BoRNBP |
| Normas de descripción |
rda |
| 041 0# - • CÓDIGO DE LENGUA |
| Código de lengua del texto/banda sonora o título independiente |
spa |
| 084 ## - • Clasificación Local Alfanúmerica PNLB |
| Número de clasificación |
C SAK1 |
| 100 1# - • PUNTO DE ACCESO PRINCIPAL-NOMBRE DE PERSONA |
| Nombre de persona |
Saki |
| Fechas asociadas al nombre |
1870-1916 |
| Término indicativo de función |
autor |
| 245 13 - • TITULO PROPIAMENTE DICHO |
| Título |
El cuentacuentos |
| Mención de responsabilidad, etc. |
Saki ; de las ilustraciones Isabelle Vandenabeele |
| 264 #1 - PRODUCCIÓN, PUBLICACIÓN , DISTRIBUCIÓN, FABRICACIÓN Y COPYRIGHT |
| Lugar de producción, publicación, distribución, fabricación |
Albolote, España |
| Nombre del productor, editor, distribuidor, fabricante |
Barbara Fiore Editora |
| Fecha de de producción, publicación, distribución, fabricación o copyright |
2014 |
| 300 ## - • DESCRIPCIÓN FÍSICA |
| Extensión |
43 páginas |
| Otras características físicas |
ilustraciones |
| Dimensiones |
31 cm |
| 336 ## - TIPO DE CONTENIDO |
| Término de tipo de contenido |
texto |
| Código de tipo de contenido |
txt |
| Fuente |
rdacontent |
| 337 ## - TIPO DE MEDIO |
| Nombre del tipo de medio |
sin mediación |
| Código del tipo de medio |
n |
| Fuente |
rdamedia |
| 338 ## - TIPO DE SOPORTE |
| Nombre del tipo de soporte |
volumen |
| Código del tipo de soporte |
nc |
| Fuente |
rdacarrier |
| 500 ## - • NOTA GENERAL |
| Nota general |
Saki es seudónimo de Hector Hugh Munro |
| 521 ## - • NOTA DE PÚBLICO DESTINATARIO |
| Nota público destinatario (R ) |
Recomendado para un público mayor de 12 años |
| 650 17 - • PUNTO DE ACCESO ADICIONAL DE MATERIA - TÉRMINO DE MATERIA |
| Término de materia o nombre geográfico como elemento inicial |
Cuentos juveniles ingleses |
| Subdivisión cronológica |
Siglo XIX |
| Fuente del encabezamiento o término |
LEMB |
| 650 17 - • PUNTO DE ACCESO ADICIONAL DE MATERIA - TÉRMINO DE MATERIA |
| Término de materia o nombre geográfico como elemento inicial |
Literatura juvenil inglesa |
| Subdivisión cronológica |
Siglo XIX |
| Fuente del encabezamiento o término |
LEMB |
| 650 17 - • PUNTO DE ACCESO ADICIONAL DE MATERIA - TÉRMINO DE MATERIA |
| Término de materia o nombre geográfico como elemento inicial |
Autores ingleses |
| Subdivisión cronológica |
Siglo XIX |
| Fuente del encabezamiento o término |
LEMB |
| 650 17 - • PUNTO DE ACCESO ADICIONAL DE MATERIA - TÉRMINO DE MATERIA |
| Término de materia o nombre geográfico como elemento inicial |
Transportes ferroviarios |
| Subdivisión de forma |
Cuentos |
| Fuente del encabezamiento o término |
LEMB |
| 650 17 - • PUNTO DE ACCESO ADICIONAL DE MATERIA - TÉRMINO DE MATERIA |
| Término de materia o nombre geográfico como elemento inicial |
Familias |
| Subdivisión de forma |
Cuentos |
| Fuente del encabezamiento o término |
LEMB |
| 650 17 - • PUNTO DE ACCESO ADICIONAL DE MATERIA - TÉRMINO DE MATERIA |
| Término de materia o nombre geográfico como elemento inicial |
Anecdotas |
| Subdivisión de forma |
Cuentos |
| Fuente del encabezamiento o término |
LEMB |
| 650 17 - • PUNTO DE ACCESO ADICIONAL DE MATERIA - TÉRMINO DE MATERIA |
| Término de materia o nombre geográfico como elemento inicial |
Viajes |
| Subdivisión de forma |
Cuentos |
| Fuente del encabezamiento o término |
LEMB |
| 700 1# - • PUNTO DE ACCESO ADICIONAL - NOMBRE DE PERSONA |
| Nombre de persona |
Vandenabeele, Isabelle |
| Fechas asociadas al nombre |
1972- |
| Término indicativo de función |
ilustradora |
| 942 ## - ENTRADA DE ELEMENTOS AGREGADOS (KOHA) |
| Fuente de clasificaión o esquema |
|
| Koha [por defecto] tipo de item |
Libro Literatura |